000 00776nam a2200229 a 4500
001 BRCA_3367
005 20190320204239.0
020 _a9688058157
041 _aspa
044 _amx
050 4 _aG1549.M4
_b.C37 1992
245 1 0 _aCartografía histórica de las islas mexicanas
_cMartín Reyes Vayssade, coordinador ; Jorge Moreno Collado ... [et al.].
260 _aMéxico
_bSecretaría de Gobernación
_c1992
300 _a309 p.
_bil. (algunas a color), mapas
_c31 cm.
500 _aIncluye índice onomástico
504 _aBibliografía: p. 300-302
650 1 4 _aIslas
_vMapas
_xHistoria
_zMéxico
_98868
651 4 _aMéxico
_vMapas
_xGeografía histórica
_98869
700 1 _aReyes Vayssade, Martín
_98870
700 1 _aMoreno Collado, Jorge
_98871
942 _2lcc
_cB
999 _c3103
_d3103